ਹੂ (Record no. 1465259)

MARC details
000 -LEADER
fixed length control field 00653 a2200241 4500
003 - CONTROL NUMBER IDENTIFIER
control field OSt
005 - DATE AND TIME OF LATEST TRANSACTION
control field 20260302154824.0
008 - FIXED-LENGTH DATA ELEMENTS--GENERAL INFORMATION
fixed length control field 260302b |||||||| |||| 00| 0 eng d
020 ## - INTERNATIONAL STANDARD BOOK NUMBER
International Standard Book Number 9789352316816 (hbk)
024 ## - OTHER STANDARD IDENTIFIER
Terms of availability TB
037 ## - SOURCE OF ACQUISITION
Terms of availability TB
040 ## - CATALOGING SOURCE
Language of cataloging pun
Transcribing agency CRL
041 ## - LANGUAGE CODE
Language code of text/sound track or separate title pun
100 ## - MAIN ENTRY--PERSONAL NAME
Personal name ਅਮਰ
9 (RLIN) 850791
245 ## - TITLE STATEMENT
Title ਹੂ
246 ## - VARYING FORM OF TITLE
Title proper/short title Hoo / Amar
260 ## - PUBLICATION, DISTRIBUTION, ETC.
Place of publication, distribution, etc. Patiala, India:
Name of publisher, distributor, etc. Sangam Publication,
Date of publication, distribution, etc. 2024.
300 ## - PHYSICAL DESCRIPTION
Extent 175p.
600 ## - SUBJECT ADDED ENTRY--PERSONAL NAME
Source of heading or term Punjabi Literature
600 ## - SUBJECT ADDED ENTRY--PERSONAL NAME
Source of heading or term Punjabi Poetry
942 ## - ADDED ENTRY ELEMENTS (KOHA)
Koha item type Textbook
Source of classification or shelving scheme Colon Classification (CC)
Classification part O153,1NSAx R4
Holdings
Withdrawn status Lost status Source of classification or shelving scheme Damaged status Not for loan Home library Current library Date acquired Source of acquisition Cost, normal purchase price Inventory number Total Checkouts Full call number Barcode Date last seen Cost, replacement price Price effective from Koha item type
    Colon Classification (CC)     Central Library Central Library 2026-02-06 Star Publications Pvt. Ltd. 236.00 SP/1063/05/02/2026   O153,1NSAx R4 CL1925887 2026-02-06 295.00 2026-02-06 Textbook
Copyright @ Delhi University Library System